Statistics for Worlds Top Fat Consuming Countries

Click here to take the quiz!

General Stats

  • This quiz has been taken 15 times
  • The average score is 7 of 10

Answer Stats

Per Person Per Day(Grams)Answer% Correct
74.20France
93%
86.50Germany
93%
78.40Spain
93%
80.30Sweden
86%
80.40Netherlands
71%
95.00Belgium
64%
73.60Switzerland
64%
80.80Finland
57%
79.00Saudi Arabia
50%
78.30Malaysia
14%

Score Distribution

Percentile by Number Answered

Percent of People with Each Score

Your Score History

You have not taken this quiz